Представление документа в формате MARC21

Поле Инд. ПП Название Значение
Тип записи a
Библиографический уровень b
001 Контрольный номер RU/IS/BASE/289665146
005 Дата корректировки 20251024141702.8
008 Кодируемые данные 20090306
040 b Код языка каталог. rus
e Правила каталог. PSBO
041 0_ a Код языка текста rus
084 a Индекс другой классификации/Индекс ББК 60.032.4; 63.1(4Вел)52; 83.3(4Вел)5; 83.000.3
100 1_ a Автор Брискина А. А.
245 10 a Заглавие Концепции истории в Викторианскую эпоху
504 a Библиография Библиогр.: с. 85
600 14 a Персоналии Карлейль Томас
a Персоналии Маколей Томас Бабингтон
650 04 a Основная рубрика историография (история исторической науки)
a Основная рубрика история
a Основная рубрика история литературы
a Основная рубрика литературоведение
a Основная рубрика социальная философия
a Основная рубрика филологические науки
a Основная рубрика философия
a Основная рубрика философия истории
653 0_ a Ключевые слова "О героях, культе героев и героическом в истории"
a Ключевые слова XIX век
a Ключевые слова Великобритания
a Ключевые слова Викторианская эпоха
a Ключевые слова историческая концепция
a Ключевые слова исторический роман
773 08 t Заглавие источника Вестник Московского университета. Серия 9, Филология
d Дата издания источника 2008
g Прочая информация № 2. - С. 79 - 85
w Контрольный № источника RU/IS/BASE/286474537
901 t Тип документа b